000 00480nam a2200181Ia 4500
008 151202s9999||||xx |||||||||||||| ||und||
082 _bPNVM-20644
100 _aकाणेकर अनंत.
245 _aसोनपिसे.
260 _b---
260 _c0
300 _a0
600 _aकाणेकर अनंत.
630 _aसोनपिसे.
700 _aकाणेकर अनंत.
730 _aसोनपिसे.
942 _cBOOK
999 _c1286622
_d1286619